| 000 | 00408nam a2200145Ia 4500 | ||
|---|---|---|---|
| 008 | 150201s2012 xx 000 0 und d | ||
| 082 |
_a5.26 _bHAL |
||
| 100 | _aHall, Douglas V | ||
| 245 | _aMicroprocessors and interfacing : programming and hardware | ||
| 250 | _a3rd Ed. | ||
| 260 |
_bTata McGraw Hill Education Private Limited _aNew Delhi _c2012 |
||
| 300 | _aVp. | ||
| 700 | _aRao,SSSP | ||
| 942 |
_2ddc _cBK |
||
| 999 |
_c5599 _d5599 |
||